000 00382 a2200109 4500
001 ART_7481
005 20260410161554.0
008 260409a
245 1 0 _aEl equipo de trabajo y el informe de una auditoría externa integral del sector público
100 1 _aRodríguez, Roberto Mario
773 0 _tProfesional & Empresaria
_g- AÑO IX, Nº 98 (nov. 2007)
_wREV70
999 _c9091
_d9091